000 00320nam a2200121Ia 4500
008 240731s9999 xx 000 0 und d
022 _a2152-2790
245 4 _aThe Journal of Hospitality Financial Management
260 _bRoutledge
856 _uhttps://www.tandfonline.com/loi/uhfm20
942 _2ddc
942 _cTFEJ
999 _c79988
_d79988
945 _a1
_bMadushi Gamage
_c1
_dMadushi Gamage